00751nam a22001097a 450000500170000000800410001702000150005810000030007324500860007630000240016250504550018620240722115022.0240722b ||||| |||| 00| 0 eng d a1885477848  aInclusive programming for the middle school students with autism/cSheila Wagner  axi, 227 p,:c28cm.  aContents: Autism in a nutshell -- Inclusion discussion: introduction to middle school -- Philosophy and definition of inclusion -- Necessary components -- Profile and characteristics -- Formation of an individual education plan (IEP) -- Behavior programming in middle school -- Academic issues for middle-school students -- Social programming -- Collaboration -- Other programming issues to consider --Let's get to know some middle school students